000 00734nas a2200253 4500
001 BR8904525
003 BR-BrBNA
005 20231205091714.0
007 ta
008 230509b bl.|||p| |||| 00| 00por d
040 _aBR-BrBNA
_bpor
_cBiblioteca Nacional de Agricultura
041 _a(Pt)
072 _aL02; L53
100 1 _aHaalstra, R.T.
100 1 _aMalestein, A.
245 1 _aAlimentacao de vacas leiteiras no fim da gestacao na Holanda
650 _aVACA LEITEIRA
650 _aNUTRICAO ANIMAL
650 _aPRENHEZ
650 _aHOLANDA
773 0 _tHora Veterinaria (Brazil)
_xISSN 0101-9163
_g(May-Jun 1985), v. 5(25) p. 39-47
_wBR8904525
909 _a202311
_bLúcia
_c55
_dLúcia Elande
942 _2AGRIS
_n0
_cANA
999 _c126821
_d126821